Build now or pay later? (Record no. 112906)

MARC details
000 -LEADER
fixed length control field 01158cad a22002415a 4500
001 - CONTROL NUMBER
control field L154251
008 - FIXED-LENGTH DATA ELEMENTS--GENERAL INFORMATION
fixed length control field 111107s2011 xxkado f 000 0 eng d
035 ## - SYSTEM CONTROL NUMBER
System control number (Sirsi) u154251
041 0# - LANGUAGE CODE
Language code of text/sound track or separate title eng
100 1# - MAIN ENTRY--PERSONAL NAME
Personal name Hull, Andy
245 00 - TITLE STATEMENT
Title Build now or pay later?
Remainder of title funding new housing supply
Medium [electronic resource]
260 ## - PUBLICATION, DISTRIBUTION, ETC.
Place of publication, distribution, etc. London
Name of publisher, distributor, etc. Institute for Public Policy Research
Date of publication, distribution, etc. 2011
505 2# - FORMATTED CONTENTS NOTE
Formatted contents note Preface -- Executive summary -- Context -- A brief account of some common proposals -- Three promising prospects -- Two other ideas IPPR is exploring -- Conclusion -- References
520 ## - SUMMARY, ETC.
Summary, etc. This paper's explicit focus is how we might finance the supply of new homes, asking 'If we are to increase housing supply, how are we to pay for it?'
590 ## - LOCAL NOTE (RLIN)
Local note KA NTK
651 #4 - SUBJECT ADDED ENTRY--GEOGRAPHIC NAME
Geographic name England
Chronological subdivision 886-
690 ## - LOCAL SUBJECT ADDED ENTRY--TOPICAL TERM (OCLC, RLIN)
Topical term or geographic name as entry element BUILT ENVIRONMENT-CONSTRUCTION MARKET
690 ## - LOCAL SUBJECT ADDED ENTRY--TOPICAL TERM (OCLC, RLIN)
Topical term or geographic name as entry element PROPERTY-RESIDENTIAL PROPERTY-DOMESTIC RESIDENTIAL PROPERTY-HOUSING
700 1# - ADDED ENTRY--PERSONAL NAME
Personal name Cooke, Graeme
700 1# - ADDED ENTRY--PERSONAL NAME
Personal name Dolphin, Tony
856 40 - ELECTRONIC LOCATION AND ACCESS
Uniform Resource Identifier <a href="https://www.ippr.org/images/media/files/publication/2011/10/build-now-pay-later_Oct2011_8116.pdf">https://www.ippr.org/images/media/files/publication/2011/10/build-now-pay-later_Oct2011_8116.pdf</a>
Public note View this item free of charge at www.ippr.org
942 ## - ADDED ENTRY ELEMENTS (KOHA)
Suppress in OPAC 0
Holdings
Withdrawn status Lost status Source of classification or shelving scheme Damaged status Not for loan Home library Current library Shelving location Date acquired Total Checkouts Full call number Barcode Date last seen Copy number Price effective from Koha item type
    Dewey Decimal Classification     Virtual Virtual Online 07/11/2011   ONLINE PUBLICATION 154251-2001 06/08/2019 1 06/08/2019 Book